000 00561nam a22001697a 4500
008 131107b xxu||||| |||| 00| 0 ger d
020 _a3854283733
041 0 _ager
080 _a330.322
_x(436 : 73)
100 _aEbner, Christian.
245 1 0 _aĂ–sterreichische Direktinvestitionen in den USA :
_cChristian Ebner.
260 _aWien :
_bService-Fachverlag,
_c1997.
300 _a365 f.:
_bme il. ;
_c24 cm.
490 _aForschungsergebnisse der Wirtschaftsuniversität Wien
650 _aInvestimet
942 _2udc
_cBK
999 _c245
_d245